| 000 | 00806cam2a220025300 4500 | ||
|---|---|---|---|
| 001 | lce00868008 | ||
| 005 | 20190823110818.0 | ||
| 008 | 710121s1970 ncua 000 0 eng | ||
| 010 | _a 73019840 //r92 | ||
| 035 | _a(Sirsi) r57561 | ||
| 035 | _a(DLC) 73019840 //r92 | ||
| 035 | _a(UPRA)lce00868008 | ||
| 040 |
_aDLC _cDLC _dDLC _dUPRA |
||
| 050 | 0 | 0 |
_aSB273 _b.H39 |
| 082 | 0 | 0 | _a633/.71 |
| 100 | 1 |
_aHawks, S. N. (Stirling Norman) _qHawks, S. N. (Stirling Norman) _6A16599.1 |
|
| 245 | 1 | 0 |
_aPrinciples of flue-cured tobacco production / _cby S.N. Hawks, Jr. |
| 260 |
_aRaleigh, NC, _c1970. |
||
| 650 | 0 |
_aFlue=cured tobacco. _6S12047.1 |
|
| 650 | 0 |
_aTobacco. _6S1870.1 |
|
| 650 | 0 |
_aTobacco curing. _6S1347.1 |
|
| 949 |
_aSB273 _wlcc _i33729001876031 _mMAIN _p2500 _tBOOK _lON-SHELF |
||
| 004 | 57561 | ||
| 999 |
_c151707 _d151707 |
||